02646nam a2200553Ia 4500001000400000008004100004010000800045041001400053082001400067245022000081260001800301300000700319520000600326630003100332630001400363630001600377630002800393630001700421650002700438690002400465700002800489700004400517901005300561902000600614903003600620904001800656905002700674906000600701907001400707908001400721909004500735910001500780911001000795912001400805913000900819914002900828915001200857916000900869917000900878918001400887919003100901520110300932921000702035922000702042923000602049924001402055942001002069999001302079728241029s9999 xx 000 0 und d a656 aEspañol aNO APLICA 0aActitudes de los estudiantes de nuevo ingreso ante la Prueba de Orientación y Medición Académica (Poma), de la Escuela de Psicología de la Universidad Dominicana O&M, Sede Central, Período Mayo-Agosto 2013 aSanto Domingo a83 a6 aActitud de los Estudiantes aActitudes aEstudiantes aPrueba de Orientación aPsicología aElección de Estudios aCopiado sin cambios easesoraPérez E, Ruth eautoraSánchez Pérez, Carmen Emilia a{"1":"Sánchez Pérez"}b{"1":"Carmen Emilia"} a1 a{"1":"Pérez E"}b{"1":"Ruth"} aMagíster en aDocencia Universitaria a2 aNO APLICA aNO APLICA aUniversidad Adventista Dominicana (UNAD) aNULLbNULL a["1"] aNO APLICA aNULL a01 de Septiembre de 2013 a-693625 aNULL aNULL aNO APLICA a["5","6","96","220","172"] aLa presente investigación tiene como objetivo determinar las actitudes de los estudiantes de nuevo ingreso ante la Prueba de Orientación y Medición Académica (POMA).Las preguntas de investigación fueron: ¿Cuáles son las actitudes de los estudiantes de la zona urbana frente a la POMA?, ¿Cuáles son las actitudes de los estudiantes de la zona rural frente a la POMA?, ¿Cuál es el nivel de conocimiento de estos estudiantes frente a la POMA, según sea del sector público o privado?, ¿Cuáles son sus expectativas?Esta investigación es exploratoria y descriptiva, la constituyen 225 estudiantes de nuevo ingreso de la Escuela de psicología de la Universidad Nacional O y M., a quienes se les aplicaron los cuestionarios.Se concluye que presentan una actitud de acuerdo, favorable y de agrado frente a la aplicación y resultado de la POMA, prueba que conocieron al momento de inscribirse en la Universidad; ellos esperaban que se les orientaran a tomar la decisión de la elección de la carrera correcta. Para visualizar este estudio en su totalidad haga click aquí a28 a28 a0 aNO APLICA cTesis c656d656